[Event "Memorijal Nesic Predrag IM 202"]
[Site "Pozarevac"]
[Date "2022.02.13"]
[Round "7.2"]
[White "Petrovic, Aleksa"]
[Black "Klukin, Kirill"]
[Result "1/2-1/2"]
[WhiteElo "2296"]
[BlackElo "2374"]
[Annotator "ChessBase"]
[PlyCount "99"]
[EventDate "2022.02.08"]
[EventType "tourn"]
[EventCountry "SRB"]
[SourceTitle "playchess.com"]
[Source "ChessBase"]
[SourceQuality "1"]
[TimeControl "40/5400+30:900+30"]

1. d4 {[%emt 0:00:03]} f5 {[%emt 0:00:13]} 2. g3 {[%emt 0:00:52]} Nf6 {[%emt 0:00:06]} 3. Bg2 {[%emt 0:00:04]} e6 {[%emt 0:00:06]} 4. c4 {[%emt 0:00:14]} c6 {[%emt 0:00:05]} 5. Nc3 {[%emt 0:01:51]} d5 {[%emt 0:00:21]} 6. Nh3 {[%emt 0:01:29]} Bd6 {[%emt 0:02:11]} 7. Qb3 {[%emt 0:01:33]} O-O {[%emt 0:04:41]} 8. Bf4 {[%emt 0:01:35]} Be7 {[%emt 0:09:16]} 9. O-O {[%emt 0:02:02]} Nbd7 {[%emt 0:03:49]} 10. Qc2 {[%emt 0:24:59]} Ne4 {[%emt 0:05:28]} 11. Rad1 {[%emt 0:26:37]} Ndf6 {[%emt 0:04:45]} 12. f3 {[%emt 0:02:49]} Nd6 {[%emt 0:00:53]} 13. c5 {[%emt 0:05:50]} Nf7 {[%emt 0:00:20]} 14. e4 {[%emt 0:04:32]} b6 {[%emt 0:08:05]} 15. b4 {[%emt 0:01:08]} a5 {[%emt 0:06:55]} 16. a3 {[%emt 0:00:16]} axb4 {[%emt 0:00:55]} 17. axb4 {[%emt 0:00:31]} bxc5 {[%emt 0:02:24]} 18. bxc5 {[%emt 0:01:22]} Qa5 {[%emt 0:03:14]} 19. exf5 {[%emt 0:05:11]} exf5 {[%emt 0:01:51]} 20. Rfe1 {[%emt 0:02:37]} Re8 {[%emt 0:01:03]} 21. Nf2 {[%emt 0:09:22]} Bd8 {[%emt 0:14:06]} 22. Rxe8+ {[%emt 0:00:52]} Nxe8 {[%emt 0:00:04]} 23. Qe2 {[%emt 0:01:18]} Bd7 {[%emt 0:01:32]} 24. Bd2 {[%emt 0:00:41]} Qa7 {[%emt 0:00:15]} 25. Nd3 {[%emt 0:01:38]} Bf6 {[%emt 0:02:08]} 26. Be3 {[%emt 0:02:08]} Nc7 {[%emt 0:01:44]} 27. f4 {[%emt 0:00:42]} Qa3 {[%emt 0:02:18]} 28. Qc2 {[%emt 0:01:38]} Rb8 {[%emt 0:01:06]} 29. h3 {[%emt 0:00:30]} Bc8 {[%emt 0:02:27]} 30. Ne5 {[%emt 0:00:29]} Bxe5 {[%emt 0:13:06]} 31. fxe5 {[%emt 0:00:02]} Rb3 {[%emt 0:00:30]} 32. Rc1 {[%emt 0:00:29]} Nb5 {[%emt 0:02:13]} 33. Nxb5 {[%emt 0:00:33]} Rxb5 {[%emt 0:00:02]} 34. Bf2 {[%emt 0:00:44]} Rb2 {[%emt 0:00:18]} 35. Qc3 {[%emt 0:00:20]} Qa2 {[%emt 0:01:23]} 36. Qe3 {[%emt 0:00:02]} Re2 {[%emt 0:02:18]} 37. Qf3 {[%emt 0:00:02]} Ng5 {[%emt 0:02:36]} 38. Qh5 {[%emt 0:00:37]} h6 {[%emt 0:00:06]} 39. Qe8+ {[%emt 0:00:45]} Kh7 {[%emt 0:00:05]} 40. Rf1 {[%emt 0:00:00]} Qa6 {[%emt 0:00:00]} 41. h4 {[%emt 0:05:04]} Ne4 {[%emt 0:09:14]} 42. Bf3 {[%emt 0:07:46]} Rxf2 {[%emt 0:04:22]} 43. Rxf2 {[%emt 0:02:11]} Nxf2 {[%emt 0:03:55]} 44. Bh5 {[%emt 0:00:49]} Qa1+ {[%emt 0:01:19]} 45. Kg2 {[%emt 0:00:20]} Qh1+ {[%emt 0:00:16]} 46. Kxf2 {[%emt 0:00:05]} Qh2+ {[%emt 0:00:03]} 47. Kf3 {[%emt 0:01:53]} Qh1+ {[%emt 0:00:05]} 48. Kf2 {[%emt 0:01:10]} Qh2+ {[%emt 0:00:05]} 49. Kf3 {[%emt 0:00:01]} Qh1+ {[%emt 0:00:07]} 50. Kf2 {[%emt 0:00:41]} 1/2-1/2

[Event "Memorijal Nesic Predrag IM 202"]
[Site "Pozarevac"]
[Date "2022.02.13"]
[Round "7.3"]
[White "Sanz Wawer, Daniel"]
[Black "Dev, Shah"]
[Result "1/2-1/2"]
[WhiteElo "2371"]
[BlackElo "2272"]
[Annotator "ChessBase"]
[PlyCount "133"]
[EventDate "2022.02.08"]
[EventType "tourn"]
[EventCountry "SRB"]
[SourceTitle "playchess.com"]
[Source "ChessBase"]
[SourceQuality "1"]
[TimeControl "40/5400+30:900+30"]

1. e4 {[%emt 0:02:44]} e5 {[%emt 0:00:30]} 2. Nf3 {[%emt 0:00:05]} Nc6 {[%emt 0:00:06]} 3. Bb5 {[%emt 0:00:05]} a6 {[%emt 0:00:07]} 4. Ba4 {[%emt 0:00:05]} Nf6 {[%emt 0:00:06]} 5. O-O {[%emt 0:00:09]} b5 {[%emt 0:00:09]} 6. Bb3 {[%emt 0:00:05]} Bc5 {[%emt 0:00:06]} 7. c3 {[%emt 0:01:59]} d6 {[%emt 0:00:06]} 8. d4 {[%emt 0:01:46]} Bb6 {[%emt 0:00:02]} 9. a4 {[%emt 0:00:25]} Rb8 {[%emt 0:00:01]} 10. a5 {[%emt 0:05:06]} Ba7 {[%emt 0:00:02]} 11. h3 {[%emt 0:01:49]} Bb7 {[%emt 0:00:06]} 12. d5 {[%emt 0:07:10]} Ne7 {[%emt 0:01:37]} 13. Re1 {[%emt 0:00:04]} h6 {[%emt 0:03:49]} 14. Be3 {[%emt 0:02:05]} Bxe3 {[%emt 0:01:02]} 15. Rxe3 {[%emt 0:00:03]} O-O {[%emt 0:05:33]} 16. c4 {[%emt 0:02:21]} c6 {[%emt 0:06:16]} 17. Nc3 {[%emt 0:21:24]} bxc4 {[%emt 0:01:17]} 18. Bxc4 {[%emt 0:00:14]} cxd5 {[%emt 0:00:06]} 19. exd5 {[%emt 0:00:50]} Ne8 {[%emt 0:02:38]} 20. Qd3 {[%emt 0:03:27]} Kh8 {[%emt 0:03:11]} 21. Ra2 {[%emt 0:05:47]} f5 {[%emt 0:00:58]} 22. Nd2 {[%emt 0:03:09]} Nf6 {[%emt 0:02:41]} 23. Re1 {[%emt 0:03:13]} Qc7 {[%emt 0:05:00]} 24. b4 {[%emt 0:11:45]} Rfc8 {[%emt 0:02:52]} 25. Ra3 {[%emt 0:00:04]} e4 {[%emt 0:09:50]} 26. Qd4 {[%emt 0:02:21]} Ng6 {[%emt 0:00:19]} 27. f3 {[%emt 0:04:16]} Ne5 {[%emt 0:02:58]} 28. Bf1 {[%emt 0:00:18]} exf3 {[%emt 0:01:44]} 29. gxf3 {[%emt 0:01:07]} f4 {[%emt 0:05:26]} 30. Qxf4 {[%emt 0:06:25]} Nxd5 {[%emt 0:00:29]} 31. Nxd5 {[%emt 0:00:32]} Bxd5 {[%emt 0:00:03]} 32. Qd4 {[%emt 0:01:47]} Qf7 {[%emt 0:02:24]} 33. Bg2 {[%emt 0:07:45]} Nc6 {[%emt 0:00:35]} 34. Qg4 {[%emt 0:02:09]} Nxb4 {[%emt 0:01:19]} 35. Rb1 {[%emt 0:01:13]} Nc2 {[%emt 0:10:54]} 36. Rxb8 {[%emt 0:02:20]} Rxb8 {[%emt 0:00:00]} 37. Rc3 {[%emt 0:00:13]} Qa7+ {[%emt 0:08:07]} 38. Kh1 {[%emt 0:00:01]} Ne3 {[%emt 0:02:03]} 39. Qg6 {[%emt 0:00:31]} Qe7 {[%emt 0:02:31]} 40. Ne4 {[%emt 0:00:00]} Nxg2 {[%emt 0:00:00]} 41. Kxg2 {[%emt 0:02:57]} Bxe4 {[%emt 0:11:24]} 42. fxe4 {[%emt 0:02:42]} Rf8 {[%emt 0:07:08]} 43. Rf3 {[%emt 0:06:20]} Rxf3 {[%emt 0:01:06]} 44. Kxf3 {[%emt 0:00:03]} Qe5 {[%emt 0:06:56]} 45. Ke3 {[%emt 0:02:08]} Qxa5 {[%emt 0:03:05]} 46. Qxd6 {[%emt 0:00:26]} Qc3+ {[%emt 0:00:07]} 47. Ke2 {[%emt 0:00:28]} Qc4+ {[%emt 0:06:45]} 48. Ke3 {[%emt 0:00:28]} Qc3+ {[%emt 0:00:01]} 49. Ke2 {[%emt 0:00:07]} Qxh3 {[%emt 0:02:41]} 50. e5 {[%emt 0:00:03]} Qg3 {[%emt 0:00:18]} 51. Qe7 {[%emt 0:01:15]} Kh7 {[%emt 0:01:17]} 52. e6 {[%emt 0:00:28]} Qe5+ {[%emt 0:00:06]} 53. Kd3 {[%emt 0:01:02]} Qf5+ {[%emt 0:00:17]} 54. Kd4 {[%emt 0:00:49]} Kg6 {[%emt 0:00:20]} 55. Qe8+ {[%emt 0:00:37]} Kh7 {[%emt 0:00:16]} 56. e7 {[%emt 0:00:59]} Qf4+ {[%emt 0:00:57]} 57. Kd5 {[%emt 0:00:20]} Qf5+ {[%emt 0:00:02]} 58. Kd6 {[%emt 0:00:21]} Qf4+ {[%emt 0:00:34]} 59. Kd7 {[%emt 0:00:25]} Qa4+ {[%emt 0:01:33]} 60. Kd8 {[%emt 0:00:03]} Qa5+ {[%emt 0:00:02]} 61. Kc8 {[%emt 0:00:27]} Qc5+ {[%emt 0:00:01]} 62. Kb7 {[%emt 0:00:23]} Qb4+ {[%emt 0:00:06]} 63. Kxa6 {[%emt 0:01:13]} Qa3+ {[%emt 0:00:04]} 64. Kb6 {[%emt 0:00:25]} Qb4+ {[%emt 0:00:17]} 65. Kc7 {[%emt 0:00:22]} Qc5+ {[%emt 0:00:08]} 66. Kb7 {[%emt 0:00:51]} Qb4+ {[%emt 0:00:03]} 67. Kc7 {[%emt 0:06:26]} 1/2-1/2

[Event "Memorijal Nesic Predrag IM 202"]
[Site "Pozarevac"]
[Date "2022.02.13"]
[Round "7.4"]
[White "Milosevic, Milos"]
[Black "Zlatanovic, Boroljub"]
[Result "0-1"]
[WhiteElo "2296"]
[BlackElo "2338"]
[Annotator "TA"]
[PlyCount "72"]
[EventDate "2022.02.08"]
[EventType "tourn"]
[EventCountry "SRB"]
[SourceTitle "playchess.com"]
[Source "ChessBase"]
[SourceQuality "1"]

{[%evp 16,72,0,0,0,0,8,12,19,-3,22,25,29,10,25,0,0,0,0,-7,-6,-39,-11,-20,-16,-13,-11,-16,-7,-17,-4,-10,-18,-10,-8,-42,-19,-36,125,0,0,-100,-88,-77,-22,-42,-31,-226,-248,-245,83,-84,-100,-236,-211,-29989,-29990,-29990,-29991]} 1. e4 e6 2. d4 d5 3. Nc3 Bb4 4. e5 c5 5. a3 Bxc3+ 6. bxc3 Ne7 7. Qg4 Qc7 8. Bd3 c4 9. Be2 (9. Qxg7 $2 Rg8 10. Qxh7 cxd3 11. Qxd3 b6 $19) 9... Qa5 {C18: French: 3 Nc3 Bb4: Main line: 7 h4 and 7 Qg4.} 10. Bd2 (10. Qxg7 $2 Qxc3+ 11. Bd2 (11. Kf1 $2 Rg8 $19) 11... Qxa1+ $19) 10... Nf5 11. Nf3 {11.h4 is the modern continuation.} Nc6 {The position is equal.} 12. Nh4 {is the legacy move (12.Qf4).} O-O 13. Nxf5 exf5 {[#]} 14. Qh4 $146 ({Predecessor:} 14. Qg3 Kh8 15. Qe3 Be6 16. O-O Rae8 17. Rfb1 b5 18. Bf3 a6 19. Rd1 Re7 20. Qf4 {1-0 (41) Mrugala,A (2451)-Prabhakar,K England 1999}) 14... f6 15. exf6 Rxf6 16. O-O f4 {[%cal Oc6d4]} 17. Rae1 (17. Bxf4 Qxc3 18. Rae1 Bd7 $15) 17... Be6 18. Bf3 Bf7 (18... Qxa3 $2 19. Rxe6 $1 {[%mdl 512]} Rxe6 20. Bxd5 $18) 19. Qg4 Qxa3 20. Qd7 (20. Bxf4 Qxc3 21. Qd7 Rxf4 $17) 20... Rd8 21. Qxb7 Qd6 $1 {Prevents Qc7.} 22. Rb1 g5 23. Rb5 h5 24. h3 {Inhibits g4.} g4 25. hxg4 hxg4 26. Bxg4 f3 $2 (26... Be6 $1 $15 {stays ahead.} 27. Bf3 Bc8) 27. gxf3 ({Reject} 27. Bxf3 $6 Rxf3 28. gxf3 Qg6+ 29. Kh1 Qh7+ 30. Kg2 Qg6+ 31. Kh1 Qh7+ 32. Kg2 Qg6+ 33. Kh1 $11) (27. Re1 $1 $16) 27... Be6 $1 $11 28. Rc5 (28. Bxe6+ $1 $11 Qxe6 29. Re1 (29. Bg5 $2 Rxf3 30. Bh4 Rh3 $19)) 28... Bxg4 $17 29. fxg4 Rg6 {The board is on fire.} (29... Rb8 $17 30. Qa6 Rg6) 30. g5 Rb8 $40 {[%mdl 1152] Black has compensation. White needs to defend precisely.} 31. Qa6 (31. Rxc6 $15 Rxb7 32. Rxd6 Rxd6 33. Ra1) 31... Qd7 $1 $19 {...Qg4+ is the strong threat.} 32. f3 {Inhibits Qg4+.} Ne7 $2 {[#]} (32... Ne5 $1 $19 {[%cal Re5f3]} 33. Qa5 Nxf3+ 34. Rxf3 Qg4+ 35. Kf2 Qh4+ 36. Kg2 Qg4+ 37. Kf2 Qh4+ 38. Kg2 Qg4+ 39. Kf2) 33. Qa5 $2 {[#]} (33. Qa1 $1 $16 {is forced if you want to stay better.}) 33... Rbb6 $1 $17 34. Kg2 Qf5 35. Qxa7 $2 (35. Re1 $19 Rbf6 36. Qd8+ (36. Rxe7 {gets mated.} Qxf3+ 37. Kh2 Qh5+ 38. Kg1 Qg4+ 39. Kh2 Rf2+ 40. Kh1 Qg2#) 36... Rf8 37. Qxe7 Qxf3+ 38. Kh2 Qf2+ 39. Kh1 Qh4+ 40. Kg1 Qg3+ 41. Kh1 Qh4+ 42. Kg1 Qg3+ 43. Kh1 Qh4+) 35... Rxg5+ 36. Kf2 {[#]} Qxc2 $1 {Weighted Error Value: White=0.63/Black=0.31} 0-1

[Event "Memorijal Nesic Predrag IM 202"]
[Site "Pozarevac"]
[Date "2022.02.13"]
[Round "7.5"]
[White "Milanovic, Slavisa"]
[Black "Spasic, Petar"]
[Result "1-0"]
[WhiteElo "2296"]
[BlackElo "2334"]
[Annotator "ChessBase"]
[PlyCount "59"]
[EventDate "2022.02.08"]
[EventType "tourn"]
[EventCountry "SRB"]
[SourceTitle "playchess.com"]
[Source "ChessBase"]
[SourceQuality "1"]
[TimeControl "40/5400+30:900+30"]

1. Nf3 {[%emt 0:01:09]} c5 {[%emt 0:00:15]} 2. c4 {[%emt 0:00:45]} g6 {[%emt 0:00:52]} 3. d4 {[%emt 0:00:07]} Bg7 {[%emt 0:00:19]} 4. e4 {[%emt 0:02:00]} Nc6 {[%emt 0:00:22]} 5. dxc5 {[%emt 0:03:37]} Nf6 {[%emt 0:01:36]} 6. Nc3 {[%emt 0:04:06]} Qa5 {[%emt 0:01:12]} 7. Bd2 {[%emt 0:01:47]} Qxc5 {[%emt 0:00:09]} 8. Be2 {[%emt 0:00:24]} O-O {[%emt 0:00:16]} 9. O-O {[%emt 0:01:50]} Qb6 {[%emt 0:05:50]} 10. h3 {[%emt 0:09:50]} d6 {[%emt 0:00:40]} 11. a3 {[%emt 0:01:49]} a5 {[%emt 0:04:52]} 12. Be3 {[%emt 0:01:21]} Qd8 {[%emt 0:00:47]} 13. Qc2 {[%emt 0:03:42]} b6 {[%emt 0:09:01]} 14. Rfd1 {[%emt 0:00:54]} Bd7 {[%emt 0:06:32]} 15. Rab1 {[%emt 0:06:44]} Rb8 {[%emt 0:08:22]} 16. b4 {[%emt 0:10:31]} axb4 {[%emt 0:00:46]} 17. axb4 {[%emt 0:00:05]} Qc8 {[%emt 0:00:35]} 18. Rdc1 {[%emt 0:02:07]} Rb7 {[%emt 0:05:33]} 19. b5 {[%emt 0:10:39]} Na5 {[%emt 0:02:13]} 20. Qa4 {[%emt 0:01:48]} Qb8 {[%emt 0:04:07]} 21. e5 {[%emt 0:07:33]} dxe5 {[%emt 0:02:56]} 22. c5 {[%emt 0:00:04]} bxc5 {[%emt 0:00:46]} 23. Bxc5 {[%emt 0:01:08]} e4 {[%emt 0:01:57]} 24. Qxa5 {[%emt 0:08:30]} exf3 {[%emt 0:07:53]} 25. Bxf3 {[%emt 0:00:06]} Rc7 {[%emt 0:00:05]} 26. b6 {[%emt 0:01:21]} Rcc8 {[%emt 0:00:59]} 27. b7 {[%emt 0:00:33]} Rce8 {[%emt 0:01:31]} 28. Ba7 {[%emt 0:01:16]} Qf4 {[%emt 0:00:05]} 29. Ne2 {[%emt 0:01:19]} Qd6 {[%emt 0:01:48]} 30. Rd1 {[%emt 0:00:54]} 1-0

[Event "Memorijal Nesic Predrag IM 202"]
[Site "Pozarevac"]
[Date "2022.02.14"]
[Round "8.1"]
[White "Dudukovic, Nikola"]
[Black "Spasic, Petar"]
[Result "1/2-1/2"]
[WhiteElo "2362"]
[BlackElo "2334"]
[Annotator "TA"]
[PlyCount "35"]
[EventDate "2022.02.08"]
[EventType "tourn"]
[EventCountry "SRB"]
[SourceTitle "playchess.com"]
[Source "ChessBase"]
[SourceQuality "1"]

{[%evp 18,20,4,-14,-8]} 1. e4 c5 2. Nc3 Nc6 3. g3 g6 4. Bg2 Bg7 5. d3 d6 6. Nge2 e6 7. Be3 Nd4 8. Qd2 Ne7 9. O-O O-O 10. Nd1 Nec6 {[#] An uneventful encounter. B26: Closed Sicilian: 3 g3, lines with early Be3.} {Predecessor:} 11. c3 $146 Nxe2+ 12. Qxe2 b5 13. f4 Bb7 14. f5 Ne5 15. fxe6 fxe6 16. Nf2 Qe7 17. Ng4 Nf7 18. Qd2 {½-½ (41) Ter Saakian,G (2296)-Popov,I (2636) Sochi 2020} 1/2-1/2

[Event "Memorijal Nesic Predrag IM 202"]
[Site "Pozarevac"]
[Date "2022.02.14"]
[Round "8.2"]
[White "Dev, Shah"]
[Black "Petrovic, Aleksa"]
[Result "1-0"]
[WhiteElo "2272"]
[BlackElo "2296"]
[Annotator "TA"]
[PlyCount "125"]
[EventDate "2022.02.08"]
[EventType "tourn"]
[EventCountry "SRB"]
[SourceTitle "playchess.com"]
[Source "ChessBase"]
[SourceQuality "1"]

{[%evp 14,125,25,-30,0,10,67,64,68,51,52,64,63,60,52,53,108,48,54,47,51,47,50,45,90,81,79,83,83,87,81,85,86,96,126,124,136,143,164,170,170,175,177,177,155,165,169,161,310,276,371,366,334,313,297,238,269,259,276,279,264,234,275,264,416,394,457,387,387,387,387,387,387,387,380,372,360,358,518,518,631,516,633,618,1506,941,29944,29957,29969,29970,29970,29971,29971,29972,29972,29973,29973,29974,29972,29973,29977,29978,29978,29979,29980,29981,29981,29982,29982,29983,29983,29983,29983,29984]} 1. d4 Nf6 2. c4 e6 3. g3 d5 4. Bg2 Be7 5. Nf3 O-O 6. O-O b6 7. Ne5 Bb7 8. Qc2 (8. Nc3 $142) 8... Qc8 {E17: Queen's Indian: 4 g3 Bb7 5 Bg2 Be7.} 9. cxd5 {[#]} Bxd5 $146 (9... Nxd5 $11 10. Nc3 c5) ({Predecessor:} 9... Nxd5 10. Nd3 Nc6 11. Bxd5 exd5 12. e3 a5 13. Nf4 Nb4 14. Qd1 Ba6 15. Re1 g5 16. a3 gxf4 17. axb4 Bxb4 {0-1 (48) Romanov,E (2603)-Georgiev,K (2657) Skopje 2013}) 10. e4 $1 $14 Bb7 {White is slightly better.} 11. Rd1 Rd8 12. Nc3 Nc6 13. Nxc6 Bxc6 14. Bg5 {aiming for d5.} Qd7 (14... h6 $14 15. Bf4 Bb7) 15. Rac1 (15. d5 $16 exd5 16. e5) 15... Rac8 16. Bh3 {[%cal Od4d5] d5! is the strong threat.} Qe8 $1 17. Be3 Bb4 18. f3 Bd7 (18... Bb7 $14) 19. a3 $16 {White stays focused until the end.} Bf8 20. e5 Nd5 21. Nxd5 exd5 22. Bxd7 {White is much more active.} Qxd7 23. Qc6 $36 {[%mdl 2048] Prevents c5. Black is under strong pressure.} Qf5 24. Kg2 h5 {To avoid g4} 25. h3 {[%cal Bh2h3,Bh3g4][%mdl 32]} f6 26. g4 Qg6 27. Qe6+ Qf7 28. Qxf7+ Kxf7 29. Rc6 $1 ({Resist} 29. gxh5 $6 c5 $14) 29... hxg4 30. hxg4 fxe5 (30... Re8 $142) 31. dxe5 $18 Bc5 32. Bxc5 bxc5 33. Rxc5 {[%mdl 4096] Endgame KRR-KRR} c6 34. Rdc1 d4 35. Rxc6 Rxc6 36. Rxc6 {KR-KR} d3 {Strongly threatening ...d2.} 37. Rc1 Ke6 {[#]} 38. Kf2 $1 g5 (38... d2 {is a better defense.} 39. Rd1 Rd3) 39. Ke3 Rd5 40. Rd1 Rxe5+ 41. Kxd3 Rd5+ 42. Ke2 {Black must now prevent Rxd5.} Re5+ 43. Kf2 {Threatens to win with Re1.} Rc5 44. Rd2 {To avoid Rc2} a5 45. Ke3 Re5+ (45... Rb5 $142 46. Rh2 Ke5) 46. Kd4 Rd5+ {[#]} 47. Kc3 $1 {Threatening mate with Rxd5.} Rc5+ 48. Kb3 Ke5 49. Ka4 Kf4 50. Rd3 {White mates.} Re5 51. b4 axb4 52. axb4 Re8 53. b5 Ra8+ 54. Kb4 Rb8 55. Kc5 Rc8+ 56. Kb6 Rb8+ 57. Kc6 Rc8+ 58. Kb7 Rf8 59. b6 {[%cal Bb5b6,Bb6b7][%mdl 32]} Rf7+ 60. Ka8 Rf6 61. Ka7 Rf7+ 62. b7 Re7 63. Ka8 {Weighted Error Value: White=0.07 (flawless) /Black=0.49} 1-0

[Event "Memorijal Nesic Predrag IM 202"]
[Site "Pozarevac"]
[Date "2022.02.14"]
[Round "8.3"]
[White "Klukin, Kirill"]
[Black "Milosevic, Milos"]
[Result "1-0"]
[WhiteElo "2374"]
[BlackElo "2296"]
[Annotator "TA"]
[PlyCount "79"]
[EventDate "2022.02.08"]
[EventType "tourn"]
[EventCountry "SRB"]
[SourceTitle "playchess.com"]
[Source "ChessBase"]
[SourceQuality "1"]

{[%evp 9,79,3,18,5,33,23,40,34,24,36,62,54,71,75,75,50,53,44,55,43,63,35,52,33,62,76,69,71,76,87,138,127,135,142,143,138,167,177,167,179,212,214,271,297,266,269,401,387,385,359,383,388,591,591,547,525,640,625,664,550,653,558,787,777,713,696,1741,1538,1584,1544,1230,1062]} 1. d4 Nf6 2. Nf3 g6 3. e3 Bg7 4. Be2 O-O 5. O-O c5 6. dxc5 {A48: 1 d4 Nf6 2 Nf3 g6: Torre, London and Colle Systems.} Qa5 7. a3 Qxc5 8. b4 {White is slightly better.} Qc7 9. Bb2 d5 10. Nbd2 {[#]} b6 $146 ({Predecessor:} 10... Bg4 11. Rc1 Nbd7 12. c4 dxc4 13. Rxc4 Qb8 14. Qa1 Bxf3 15. Nxf3 Rc8 16. Rfc1 Rxc4 17. Bxc4 {1-0 (50) Wojtaszek,R (2749)-Volokitin,A (2649) Doha 2016}) 11. c4 dxc4 12. Bxc4 Bb7 13. Rc1 {[%cal Oc4f7] Strongly threatening Bxf7+!} Qd8 14. Qe2 Nbd7 15. Ba6 Bxa6 16. Qxa6 Ne8 17. Bxg7 {White is much more active. Black has bad knights.} Kxg7 {White stays focused until the end.} 18. Rfd1 Nd6 {Prevents Ne4.} 19. e4 {[%cal Be3e4,Be4e5][%mdl 32] Black must now prevent e5.} b5 (19... Rc8 $142) 20. e5 $16 Nb8 21. Qa5 Qxa5 22. bxa5 Nf5 23. g4 $36 {[%mdl 2048] White is on the roll.} Nh6 24. h3 Rd8 {[#]} 25. Nb3 $1 Nc6 26. Rxd8 Nxd8 27. Nfd4 f6 {[#]} (27... a6 $142 28. Rc7 Kf8) 28. e6 $1 $18 Ng8 29. f4 a6 30. Rc7 {Prevents Nb7.} Kf8 (30... f5 {was called for.} 31. gxf5 Rb8) 31. Nc5 {White is clearly winning.} Kg7 32. Kf2 Kf8 33. Kf3 Ke8 34. g5 h6 35. h4 {Nd7 is the strong threat.} hxg5 36. hxg5 fxg5 37. fxg5 {Hoping for Nd7.} Rb8 38. Ke4 b4 39. axb4 Rxb4 40. Rc8 {Weighted Error Value: White=0.10 (very precise) /Black=0.34} 1-0

[Event "Memorijal Nesic Predrag IM 202"]
[Site "Pozarevac"]
[Date "2022.02.14"]
[Round "8.4"]
[White "Kandjolas, Konstantin"]
[Black "Sanz Wawer, Daniel"]
[Result "1/2-1/2"]
[WhiteElo "2084"]
[BlackElo "2371"]
[Annotator "TA"]
[PlyCount "144"]
[EventDate "2022.02.08"]
[EventType "tourn"]
[EventCountry "SRB"]
[SourceTitle "playchess.com"]
[Source "ChessBase"]
[SourceQuality "1"]

{[%evp 18,144,1,0,54,15,21,0,20,0,4,0,0,0,11,0,0,0,30,0,45,31,19,32,27,34,50,47,79,39,35,16,12,0,0,0,10,16,14,14,8,8,19,10,8,0,0,0,0,0,0,0,0,0,0,0,0,0,0,0,0,0,0,0,0,-32,0,0,0,0,0,0,0,0,0,0,115,0,0,0,0,0,0,0,0,0,0,0,27,0,0,0,0,0,0,0,0,0,0,0,0,0,0,0,0,0,0,0,4,0,0,0,0,0,0,0,0,0,0,0,0,0,0,0,0,0,0,0,0]} 1. d4 Nf6 2. Nf3 e6 3. c4 b6 4. g3 Bb7 5. Bg2 Be7 6. O-O d5 7. Ne5 O-O 8. Nc3 Nbd7 9. Qa4 c6 10. Rd1 Qc8 {E18: Queen's Indian: Old Main Line (4 g3 Bb7 5 Bg2 Be7 6 0-0 0-0 7 Nc3).} (10... Nxe5 $11 11. dxe5 Nd7) 11. Bf4 {Threatening Rac1.} (11. Bg5 {keeps more tension.} h6 12. Nxd7 Qxd7 13. Bxf6 b5 14. cxb5 Bxf6 15. e3) 11... Nxe5 12. dxe5 Nd7 13. cxd5 cxd5 14. Rac1 {[%cal Rc3d5]} Nc5 15. Qd4 {[#] Hoping for b4.} a5 $146 ({Predecessor:} 15... Qe8 16. b4 Na6 17. a3 Rd8 18. Qe3 Rc8 19. Qd3 Nc7 20. e4 dxe4 21. Nxe4 Nd5 {1-0 (46) Sargac,R (2134)-Ivekovic,T (2048) Topusko 2012}) 16. e4 dxe4 17. Nxe4 Rd8 18. Qe3 Qc7 (18... Rxd1+ $11 19. Rxd1 Nxe4 20. Bxe4 h6) 19. Nd6 $14 Bxg2 20. Kxg2 Bxd6 21. exd6 Qb7+ 22. Qf3 Qd7 23. Be3 {White is more active.} Rac8 24. Bxc5 bxc5 25. Qa3 Qc6+ 26. Kg1 a4 27. Rc4 Rxd6 28. Rxd6 Qxd6 29. Qxa4 $11 {[%mdl 4096] Endgame KQR-KQR} Qe5 30. Qc2 g6 31. b4 {[%cal Rc4c5]} Rd8 {[#] Strongly threatening ...Qe1+.} 32. Rxc5 ({Avoid the trap} 32. bxc5 $2 Qe1+ 33. Kg2 Rd2 34. Qxd2 Qxd2 $19) 32... Qe1+ 33. Kg2 {Black must now prevent Rc8.} Qxb4 (33... Rd2 $5 34. Rc8+ Kg7 $11) 34. Qc3 Qb7+ 35. Qf3 Qa7 36. Rc2 h5 37. h4 e5 38. Rb2 Qa4 39. Qb3 Qc6+ 40. Kh2 Qc1 41. Qc2 Qe1 {...Rd1 is the strong threat.} 42. Qe2 Qc3 43. Rc2 Qa1 44. Rd2 Rb8 45. Rd1 Qb2 46. Rd2 Qc1 {[#]} (46... Qc3 $11) 47. Qe3 (47. Qxe5 $1 $16 Rc8 48. Rb2) 47... Qa1 48. Rd5 Re8 49. Kg2 Qb2 50. Rd2 Qc1 51. Re2 Qd1 52. Rd2 Qa1 53. Re2 e4 {The position is equal.} 54. Qd2 Qf6 55. Qe3 Qc6 56. Kh2 Re6 57. Kg2 Qc4 58. Rd2 Kh7 59. Rd8 {aiming for Qa3.} Qc6 60. Rd4 Qc2 61. Rd8 {White threatens Qd4 and mate.} Qc6 62. Rd4 Qc2 63. Rd8 {White wants to mate with Qd4.} Rf6 64. Rd2 Qc4 65. Rd4 Qxa2 66. Rxe4 Qc2 {[%cal Of6f2]} 67. Rf4 Rxf4 68. Qxf4 Qc6+ 69. Qf3 Qe6 70. Qc3 Qf5 71. Qf3 {And now Qxf5 would win.} Qe6 72. Qc3 Qf5 {Weighted Error Value: White=0.09 (flawless) /Black=0.11 (very precise)} 1/2-1/2

[Event "Memorijal Nesic Predrag IM 202"]
[Site "Pozarevac"]
[Date "2022.02.14"]
[Round "8.5"]
[White "Zlatanovic, Boroljub"]
[Black "Milanovic, Slavisa"]
[Result "1/2-1/2"]
[WhiteElo "2338"]
[BlackElo "2296"]
[Annotator "TA"]
[PlyCount "28"]
[EventDate "2022.02.08"]
[EventType "tourn"]
[EventCountry "SRB"]
[SourceTitle "playchess.com"]
[Source "ChessBase"]
[SourceQuality "1"]

{[%evp 23,28,22,44,25,22,21,31]} 1. Nf3 Nf6 2. g3 b6 3. Bg2 Bb7 4. c4 e6 5. O-O c5 6. b3 Be7 7. Bb2 d6 8. d4 cxd4 9. Nxd4 Bxg2 10. Kxg2 Qc7 11. Nc3 a6 12. Rc1 O-O {[#]} 13. a4 $146 {A30: Symmetrical English: Double Fianchetto and Hedgehog.} ({Predecessor:} 13. e3 Nbd7 14. Rc2 Rac8 15. Qe2 Qb7+ 16. Qf3 Qc7 17. Qe2 Qb7+ 18. Qf3 Qc7 19. Qe2 {½-½ (19) Nenezic,M (2479)-Durarbayli,V (2606) Novi Sad 2016}) 13... Nbd7 14. e4 Qb7 {An uneventful encounter.} 1/2-1/2